Information Technology for Management (Record no. 1493)

MARC details
000 -LEADER
fixed length control field 00461nam a22001817a 4500
005 - DATE AND TIME OF LATEST TRANSACTION
control field 20180201125551.0
008 - FIXED-LENGTH DATA ELEMENTS--GENERAL INFORMATION
fixed length control field 160523b xxu||||| |||| 00| 0 eng d
020 ## - INTERNATIONAL STANDARD BOOK NUMBER
ISBN 0-07-047242-4
041 ## - LANGUAGE CODE
Language code of text/sound track or separate title eng
082 ## - DEWEY DECIMAL CLASSIFICATION NUMBER
Item number 4462
Classification number 004
100 ## - MAIN ENTRY--AUTHOR NAME
Personal name Lucas, Henry C. Jr
245 ## - TITLE STATEMENT
Title Information Technology for Management
250 ## - EDITION STATEMENT
Edition statement 7th ed.
260 ## - PUBLICATION, DISTRIBUTION, ETC. (IMPRINT)
Place of publication New Delhi
Name of publisher Academic Faundation
300 ## - PHYSICAL DESCRIPTION
Number of Pages 699
650 ## - SUBJECT ADDED ENTRY--TOPICAL TERM
Topical Term Information Technology
942 ## - ADDED ENTRY ELEMENTS (KOHA)
Koha item type Books
Holdings
Lost status Damaged status Home library Shelving location Date acquired Full call number Accession Number Koha item type
    JRU Library SHELF-1-F 23/05/2016 4462 4462 Books